| 000 | 01228cab a2200289 4500 | ||
|---|---|---|---|
| 001 | ABS55405 | ||
| 008 | 090401t1996 xxu||||| |||| 00| 0 eng d | ||
| 035 | _a(Sirsi) u16213 | ||
| 041 | _aeng | ||
| 100 | _aSeidl, A. | ||
| 245 | 2 | _aA victory for common sense | |
| 260 | _c1996 | ||
| 350 | _a0 | ||
| 490 |
_aEstates Gazette _v(9626) 29 June 1996, 56-57(2) |
||
| 520 | _aReports on the background to the House of Lords decision in "South Australia Asset Management Corporation v York Montague; Nykredit Mortgage Bank v Edward Erdman Ltd and United Bank of Kuwait v Prudential Property Services Ltd" which limited the amount of damages payable by negligent valuers to the difference between the overvaluation and the true market valuation. Includes a case history. | ||
| 650 | _aFALLING MARKET | ||
| 650 | _aFALLING VALUES | ||
| 650 | _aNEGLIGENCE | ||
| 650 | _aNYKREDIT MORTGAGE BANK V EDWARD ERDMAN LTD | ||
| 650 | _aPROPERTY VALUES | ||
| 650 | _aSOUTH AUSTRALIA ASSET MANAGEMENT CORPORATION V YORK MONTAGUE | ||
| 650 | _aUNITED BANK OF KUWAIT V PRUDENTIAL PROPERTY SERVICES LTD | ||
| 650 | _aVALUERS | ||
| 690 | _aMANAGEMENT-BUSINESS MANAGEMENT-PROFESSIONAL PRACTICE | ||
| 942 | _n0 | ||
| 948 | _c04/03/1997 | ||
| 999 |
_c10654 _d10654 |
||